Thermoplastic elastomer from ionomeric polyblends of zinc salts of carboxylated nitrile rubber and poly9ethylene-co-acrylic acid) (Record no. 71267)

MARC details
000 -LEADER
fixed length control field 00539nam a2200145Ia 4500
100 ## - MAIN ENTRY--AUTHOR NAME
Personal name Antony P
245 #0 - TITLE STATEMENT
Title Thermoplastic elastomer from ionomeric polyblends of zinc salts of carboxylated nitrile rubber and poly9ethylene-co-acrylic acid)
260 ## - PUBLICATION, DISTRIBUTION, ETC. (IMPRINT)
Name of publisher Proceedings of the International Conference on Rubbers Calcutta, December 12-14, 1997. V1. p86-89
650 ## - SUBJECT ADDED ENTRY--TOPICAL TERM
Topical Term Nitrile rubber
650 ## - SUBJECT ADDED ENTRY--TOPICAL TERM
Topical Term Thermoplastic elastomers
700 ## - ADDED ENTRY--PERSONAL NAME
Personal name Bandyopadhyay S
700 ## - ADDED ENTRY--PERSONAL NAME
Personal name De S K
942 ## - ADDED ENTRY ELEMENTS (KOHA)
Koha item type Journals
Holdings
Withdrawn status Lost status Damaged status Not for loan Home library Current library Shelving location Date acquired Koha item type
      Journals RRII Library RRII Library Rubber chemistry 17/12/2021 Journals